000 00491nam a22001577a 4500
999 _c60596
_d60596
005 20230914124908.0
008 230914s1983 enk||||| |||| 00| 0 eng d
041 _aeng
080 _a902 B-85
100 _aBreeze, David J.
_919817
245 _aRoman Forts in Britain /
_cDavid J. Breeze.
264 _aAylesbury,
_c1983.
300 _a72 p.:
_bill.;
_c21 cm.
653 _aრომაული ციხესიმაგრეები ბრიტანეთში
942 _2udc
_cBK